000 00446nam a22001697a 4500
003 CEME
005 20210628203239.0
008 210203b xxu||||| |||| 00| 0 eng d
020 _a0072383550
040 _c.
082 _a658.57 HAR
100 _aHarrison, Norma , Sanson, Danny
_964249
245 _aTechnology management , text and international cases
260 _aNEW YORK
_bMCGRAW HILL
_c2002
300 _aXVI, 432P
942 _cBK
_2ddc
999 _c572808
_d572808